| 000 | 00408nam a22001457a 4500 | ||
|---|---|---|---|
| 020 | _a071340518 X | ||
| 082 |
_a689.3 _bKIN _cL-39, P-39 |
||
| 100 |
_aKing, Harold _945647 |
||
| 245 |
_aComponents and Finishes _cKing, Harold |
||
| 260 |
_aLondon _bWilliam Clowes and Sons Limites _c1975 |
||
| 300 |
_a444 _bill,; _c20 cm |
||
| 526 |
_a0 _b0 _c0 _d689_300000000000000_KIN |
||
| 650 |
_aMCE _9379 |
||
| 942 |
_2ddc _cBK |
||
| 999 |
_c549123 _d549123 |
||